| 000 | 02383nam a2200409 a 4500 | ||
|---|---|---|---|
| 999 |
_c400534 _d400534 |
||
| 003 | BLK | ||
| 005 | 20250719111101.0 | ||
| 008 | 180411b bul|||||r ||||||| ||bul|| | ||
| 020 | _a3800083828129 | ||
| 020 |
_a978-619-199-590-5 _q(подв.) |
||
| 040 | _aBLK | ||
| 041 |
_aBUL _cBUL |
||
| 080 |
_aСпециални транспортни средства - Селскостопански, промишлени, противопожарни, снегоринни, радиорепортажни и др. _b629.1-47 _x(02.053.2) _z629.1-47(02.053.2) |
||
| 080 |
_aТранспорт и пощенски услуги. Организация и контрол на движението _b656 _x:614.8(02.053.2) _z656:614.8(02.053.2) |
||
| 100 | 1 |
_aЕрне, Андреа _d1958 - _gНемска писателка, автор на детска литература _eпърви автор _967544 |
|
| 139 |
_aЕрне, Андреа _bЕ 82 |
||
| 245 | 1 | 0 |
_aСпасителни машини _bЕнциклопедия за най-малките : с повдигащи се капачета на всяка страница _cАндреа Ерне ; ил. Волфганг Мецгер ; прев. от нем. Розалина Палазова |
| 257 | _aGBR | ||
| 260 |
_aСофия _bФют _c2020 _fотпеч. в ЕС |
||
| 300 |
_a16 с. : _bс цв. ил. _c23Х31 см |
||
| 380 | _aDN | ||
| 490 |
_9208015 _aПоредица Защо? Какво? Как? _v30 |
||
| 500 | _aКор. опис. Ориг. загл.: Der Rettungsfahrzeuge / Andrea Erne. - Кн. 30 от поредицата Защо? Какво? Как?. - Кн. отпеч. на ламиниран картон | ||
| 650 | 4 |
_aТранспорт, спасителен _9296033 |
|
| 653 | _aспасителен транспорт | ||
| 653 | _aтранспортна техника | ||
| 653 | _aлитература за деца | ||
| 653 | _aдетска литература | ||
| 700 |
_aМецгер, Волфганг _eил. _9341770 |
||
| 700 | 1 |
_aПалазова, Розалина Борилова _gЖурналист. Преводач от немски език. _9105705 |
|
| 765 | _aDer Rettungsfahrzeuge | ||
| 852 |
_aЦб 307115 _bЦб |
||
| 942 |
_cKNG _n0 _s1 _0190 |
||
| 944 |
_aCR _c2021-03-10 _k30542 _lРусанова Ирена |
||
| 999 | _d400534 | ||
| 999 | _d400534 | ||